000 00785nam a2200241 i 4500
001 C2-0314940
003 PPAK
005 20180728110643.0
008 120408s2005 nyua|||| ||||| | eng d
020 _a0812973275
040 _aPPAK
_beng
_cPPAK
_erda
082 0 4 _a813.52
_223
090 0 0 _a813.52
_bWES
_dG
100 1 _aWest III, James L.W.,
_eauthor
245 1 4 _aThe perfect hour :
_bF.Scott Fitzgerald and Ginvera King, his first love
264 1 _aNew York :
_bRandom House Trade Paperback Edition ,
_c2005
300 _axx, 211 pages :
_billustrations ;
_c20 cm
336 _2rdacontent
_atext
337 _2rdamedia
_aunmediated
338 _2rdacarrier
_avolume
650 1 0 _aFitzgerald, F. Scott (Francis Scott), 1896-1940 - Relations with women.
942 _ddc
_cB
999 _c116253
_d116253